[Event "Tournoi d'Hiver de Plaisance du Touch"]
[Site "?"]
[Date "2024.01.06"]
[Round "1.1"]
[White "Pieri, Theo"]
[Black "Grimault, Stephanie"]
[Result "1-0"]
[WhiteElo "1723"]
[BlackElo "1201"]
[PlyCount "61"]
[SourceVersionDate "2024.01.11"]

{[%evp 0,15,19,31,41,46,51,43,57,30,50,-1,27,-14,144,51,57,5]} 1. e4 e6 2. d4
d5 3. Nd2 c5 4. Ngf3 Nc6 5. c3 Bd7 6. Bd3 Qb6 7. exd5 exd5 8. dxc5 Bxc5 9. O-O
Nf6 10. Qe2+ Be7 11. Nb3 O-O 12. Be3 Qd8 13. Rad1 Re8 14. Bb1 Na5 15. Nbd4 Nc4
16. Bg5 Ne4 17. Bc1 Bc5 18. Qc2 a6 19. Nb3 Ba4 20. Qd3 Nb6 21. Nxc5 Bxd1 22.
Rxd1 Nxc5 23. Qxh7+ Kf8 24. Qh8+ Ke7 25. Bg5+ Kd6 26. Qxg7 Qd7 27. Bf4+ Ke7 28.
Qg5+ Kf8 29. Qf6 Ne6 30. Bh6+ Kg8 31. Ng5 1-0

[Event "Tournoi d'Hiver de Plaisance du Touch"]
[Site "?"]
[Date "2024.01.06"]
[Round "1.2"]
[White "Bordarier, Guilhem"]
[Black "Bertrand, Marin"]
[Result "0-1"]
[WhiteElo "1199"]
[BlackElo "1658"]
[PlyCount "64"]
[SourceVersionDate "2024.01.11"]

{[%evp 0,17,35,12,83,80,87,87,73,32,33,33,33,46,52,37,34,7,16,-1]} 1. e4 g6 2.
d4 Bg7 3. Nf3 d6 4. c4 Nf6 5. Nc3 O-O 6. Be2 Nbd7 7. O-O e5 8. d5 a5 9. a4 Nc5
10. Bg5 h6 11. Bh4 g5 12. Bg3 Nfxe4 13. Nxe4 Nxe4 14. Qd3 f5 15. h3 Nxg3 16.
Nh2 Nxf1 17. Rxf1 e4 18. Qc2 Qf6 19. b3 Bd7 20. f3 e3 21. f4 Rae8 22. Qd3 Qd4
23. Rf3 Qxd3 24. Bxd3 e2 25. Bxe2 Rxe2 26. Nf1 Bd4+ 27. Kh2 gxf4 28. h4 Kh7 29.
Kh3 Rg8 30. g3 fxg3 31. Nxg3 f4+ 32. Nf5 Bxf5# 0-1

[Event "Tournoi d'Hiver de Plaisance du Touch"]
[Site "?"]
[Date "2024.01.06"]
[Round "1.3"]
[White "Nassar, Christophe"]
[Black "Cailhol, Florent"]
[Result "1-0"]
[WhiteElo "1635"]
[BlackElo "1199"]
[PlyCount "43"]
[SourceVersionDate "2024.01.11"]

{[%evp 0,13,61,32,74,73,74,63,82,53,32,47,39,7,23,27]} 1. e4 c6 2. d4 d5 3. e5
c5 4. c3 Nc6 5. Nf3 cxd4 6. cxd4 Bg4 7. Bb5 e6 8. O-O Nge7 9. Bg5 a6 10. Bxc6+
bxc6 11. Nbd2 Qb8 12. Qa4 Qb5 13. Qxb5 axb5 14. Rfc1 Rc8 15. a4 Nf5 16. axb5 c5
17. dxc5 Bxc5 18. Nb3 Bxf3 19. gxf3 O-O 20. Rxc5 Rxc5 21. Nxc5 Nd4 22. b6 1-0

[Event "Tournoi d'Hiver de Plaisance du Touch"]
[Site "?"]
[Date "2024.01.06"]
[Round "1.4"]
[White "Degrave-Nicolas, Isabelle"]
[Black "Mendi, Eduardo"]
[Result "*"]
[WhiteElo "1199"]
[BlackElo "1572"]
[PlyCount "64"]
[SourceVersionDate "2024.01.11"]

{[%evp 0,15,35,35,35,23,7,27,17,8,29,26,34,15,20,1,-5,-2]} 1. d4 d5 2. Bf4 e6
3. e3 Nf6 4. Nd2 Be7 5. Bd3 c5 6. c3 Nc6 7. Ne2 O-O 8. O-O Nh5 9. Ng3 Nxf4 10.
exf4 cxd4 11. Rc1 dxc3 12. bxc3 Bd7 13. c4 dxc4 14. Bxc4 a6 15. Bd3 Rc8 16. Be4
g6 17. Nc4 Be8 18. Ne3 f5 19. Bf3 Bf7 20. Re1 Bf6 21. Rc2 Qxd1 22. Rxd1 Rfd8
23. Rcd2 Rxd2 24. Rxd2 Rd8 25. Rd1 Kf8 26. Ne2 Rxd1+ 27. Nxd1 Bd8 28. g3 Bc7
29. Ndc3 e5 30. Bd5 exf4 31. Nxf4 Ke7 32. g4 Bxf4 *

[Event "Tournoi d'Hiver de Plaisance du Touch"]
[Site "?"]
[Date "2024.01.06"]
[Round "1.5"]
[White "Alexandre, Jacques Junior"]
[Black "Fanals, Sylvain"]
[Result "1-0"]
[WhiteElo "1544"]
[BlackElo "1199"]
[PlyCount "69"]
[SourceVersionDate "2024.01.11"]

{[%evp 0,5,29,19,69,56,72,31]} 1. d4 d6 2. Nf3 Nd7 3. b3 Ngf6 4. Bb2 c6 5. Nbd2
b5 6. e3 g6 7. a4 b4 8. Be2 Bg7 9. O-O O-O 10. a5 Qc7 11. a6 e5 12. dxe5 dxe5
13. Ra4 Rb8 14. Qa1 Ng4 15. h3 Nh6 16. Nc4 f6 17. Rd1 Nc5 18. Ra5 Nxa6 19. Rxa6
Bxa6 20. Qxa6 Qb7 21. Qa4 Nf7 22. Na5 Qc7 23. Nxc6 Rbc8 24. Nxb4 a5 25. Rd7 Qc5
26. Nd5 Rfe8 27. Ba3 Qxc2 28. Ne7+ Kh8 29. Nxc8 Rxc8 30. Bc4 Rxc4 31. Qxc4 Qxc4
32. bxc4 Kg8 33. c5 Kf8 34. c6+ Ke8 35. Re7+ 1-0

[Event "Tournoi d'Hiver de Plaisance du Touch"]
[Site "?"]
[Date "2024.01.06"]
[Round "1.6"]
[White "Laib, Clara"]
[Black "Anfosso, Laurent"]
[Result "0-1"]
[WhiteElo "1199"]
[BlackElo "1542"]
[PlyCount "48"]
[SourceVersionDate "2024.01.11"]

{[%evp 0,12,23,16,18,29,44,44,41,41,40,17,24,28,26]} 1. d4 Nf6 2. Nf3 g6 3. Bf4
Bg7 4. e3 O-O 5. Bd3 d6 6. O-O Nh5 7. Qe2 Nxf4 8. exf4 c5 9. c3 cxd4 10. Nxd4
Nc6 11. Nxc6 bxc6 12. Qf3 Qb6 13. f5 Qxb2 14. Qxc6 Bxf5 15. Bxf5 gxf5 16. Qd7
e6 17. Qxd6 Qxa1 18. Qd2 Rfd8 19. Na3 Qxf1+ 20. Kxf1 Rxd2 21. c4 Rxa2 22. Nb5
Rb8 23. f3 a6 24. Nc3 Bxc3 0-1

[Event "Tournoi d'Hiver de Plaisance du Touch"]
[Site "?"]
[Date "2024.01.06"]
[Round "1.7"]
[White "Guerin, Laurent"]
[Black "Uribe, Diane"]
[Result "1-0"]
[WhiteElo "1520"]
[BlackElo "1199"]
[PlyCount "51"]
[SourceVersionDate "2024.01.11"]

{[%evp 0,12,19,8,31,8,36,24,12,-2,23,11,29,30,50]} 1. e4 e5 2. Nf3 Nc6 3. Bc4
Nf6 4. d3 Bb4+ 5. c3 Bc5 6. O-O d6 7. d4 Bb6 8. Bg5 h6 9. Bh4 Bg4 10. d5 Na5
11. Bd3 g5 12. Bg3 c6 13. b4 cxd5 14. bxa5 Bxa5 15. exd5 e4 16. Bxe4 Nxe4 17.
Qa4+ Bd7 18. Qxe4+ Kf8 19. Bxd6+ Kg8 20. c4 Rh7 21. Be5 Qe7 22. Nbd2 f6 23.
Qg6+ Rg7 24. Qxf6 Rf8 25. Qxg7+ Qxg7 26. Bxg7 1-0

[Event "Tournoi d'Hiver de Plaisance du Touch"]
[Site "?"]
[Date "2024.01.06"]
[Round "1.8"]
[White "Vardanyan, Helene"]
[Black "Le Bars, Lucien"]
[Result "0-1"]
[WhiteElo "1157"]
[BlackElo "1513"]
[PlyCount "44"]
[SourceVersionDate "2024.01.11"]

{[%evp 0,14,79,14,16,-72,17,71,67,77,65,72,78,65,54,37,86]} 1. e4 d5 2. exd5
Qxd5 3. Nc3 Qa5 4. Nf3 Nf6 5. Bc4 Bf5 6. O-O e6 7. Re1 c5 8. Ne5 a6 9. Qf3 Qc7
10. d3 Be7 11. Bf4 Bd6 12. Bb3 O-O 13. h3 h6 14. Ne2 Bxe5 15. Bxe5 Qxe5 16.
Qxb7 Nbd7 17. Ng3 Qb8 18. Qxb8 Raxb8 19. Nxf5 exf5 20. c4 Rfe8 21. Rxe8+ Rxe8
22. Ba4 Re2 0-1

[Event "Tournoi d'Hiver de Plaisance du Touch"]
[Site "?"]
[Date "2024.01.06"]
[Round "1.9"]
[White "Madelaine, Pierre"]
[Black "Posocco, Marc"]
[Result "1-0"]
[WhiteElo "1470"]
[BlackElo "1150"]
[PlyCount "97"]
[SourceVersionDate "2024.01.11"]

{[%evp 0,16,19,28,28,28,21,26,34,29,34,33,25,11,37,-49,11,25,26]} 1. e4 e5 2.
Nf3 Nf6 3. Nxe5 d6 4. Nd3 Nxe4 5. Qe2 Qe7 6. Nf4 Nf6 7. d4 Qxe2+ 8. Bxe2 Be7 9.
f3 O-O 10. Kf2 Bf5 11. Bd3 Bxd3 12. Nxd3 d5 13. Nc3 Nbd7 14. Be3 c6 15. Ne2 Bd6
16. h4 Rfe8 17. Nef4 Kf8 18. g4 Ke7 19. Rhe1 Kd8 20. Nh3 Kc7 21. a4 h6 22. Nhf4
Nh7 23. Nh3 f5 24. g5 hxg5 25. Nxg5 Nxg5 26. hxg5 g6 27. Bf4 a6 28. Rh1 Rh8 29.
Kg3 Bxf4+ 30. Nxf4 Rag8 31. Rae1 Rxh1 32. Rxh1 Nf8 33. Rh6 Kd7 34. a5 Ke8 35.
Kf2 Kd8 36. Ke3 Ke8 37. Kd3 Kd7 38. Kc3 Kc7 39. Kb4 Kd6 40. b3 Kc7 41. c4 dxc4
42. bxc4 Kd6 43. c5+ Kd7 44. Kc4 Kc7 45. d5 Kd7 46. d6 Kd8 47. Kd4 Ke8 48. Rh1
Kf7 49. Rb1 1-0

[Event "Tournoi d'Hiver de Plaisance du Touch"]
[Site "?"]
[Date "2024.01.06"]
[Round "1.10"]
[White "Despaux, Denis"]
[Black "Despaux, Axel"]
[Result "0-1"]
[WhiteElo "1133"]
[BlackElo "1442"]
[PlyCount "80"]
[SourceVersionDate "2024.01.11"]

{[%evp 0,16,48,18,69,26,26,35,35,22,20,20,32,-40,-33,-116,-39,-1154,-137]} 1.
e4 c5 2. d4 cxd4 3. Qxd4 Nc6 4. Qd3 Nf6 5. Nf3 g6 6. e5 Ng4 7. Bf4 Bg7 8. Qe4
d6 9. exd6 Bxb2 10. Bc4 Nf6 11. Qe2 O-O 12. Bh6 Re8 13. Bxf7+ Kxf7 14. Ng5+ Kg8
15. Qc4+ e6 16. Nc3 Qa5 17. O-O Qxc3 18. Qxc3 Bxc3 19. Rad1 Bd7 20. Rd3 Nd5 21.
Ne4 Bg7 22. Bg5 Ne5 23. Rh3 Nf7 24. Bh4 Be5 25. Nc5 Bb5 26. Rb1 Bxd6 27. Rxb5
a6 28. Rxb7 Bxc5 29. Rf3 Nd6 30. Rd7 Rab8 31. g4 Rb7 32. Rxb7 Nxb7 33. Rb3 Nd6
34. Rd3 Rf8 35. Rd2 g5 36. Bg3 Ne4 37. Re2 Ndc3 38. Rxe4 Nxe4 39. Kg2 Nxg3 40.
hxg3 Rxf2+ 0-1

[Event "Tournoi d'Hiver de Plaisance du Touch"]
[Site "?"]
[Date "2024.01.06"]
[Round "1.11"]
[White "Fontaine, Thomas"]
[Black "Docimo, Andrea"]
[Result "1-0"]
[WhiteElo "1440"]
[BlackElo "1117"]
[PlyCount "45"]
[SourceVersionDate "2024.01.11"]

{[%evp 0,13,19,15,50,33,85,84,71,38,62,38,96,45,33,20]} 1. e4 c5 2. Nf3 d6 3.
d4 cxd4 4. Nxd4 Nf6 5. Nc3 g6 6. Bb5+ Bd7 7. O-O a6 8. Bxd7+ Nbxd7 9. Re1 Bg7
10. Nf3 Ng4 11. Nd5 Nb6 12. c3 Nxd5 13. Qxd5 b5 14. Bf4 h6 15. Qc6+ Kf8 16.
Rad1 e5 17. Rxd6 Qe8 18. Bg3 Qxc6 19. Rxc6 Ke7 20. h3 Kd7 21. Rc5 Kd6 22. Rd5+
Ke6 23. hxg4 1-0

[Event "Tournoi d'Hiver de Plaisance du Touch"]
[Site "?"]
[Date "2024.01.06"]
[Round "1.12"]
[White "Reinagel, Christine"]
[Black "Estadieu, Bruno"]
[Result "0-1"]
[WhiteElo "1110"]
[BlackElo "1430"]
[PlyCount "104"]
[SourceVersionDate "2024.01.11"]

{[%evp 0,8,29,21,47,28,58,38,40,15,20]} 1. e4 e6 2. d4 b6 3. Be2 Bb7 4. Nc3 Bb4
5. Bf3 Nc6 6. a3 Be7 7. Nge2 Bg5 8. d5 Ne5 9. Ng3 Bxc1 10. Rxc1 Nxf3+ 11. Qxf3
Ba6 12. Rd1 Qf6 13. Qe3 Ne7 14. e5 Qg6 15. Rd2 O-O 16. d6 cxd6 17. exd6 Nf5 18.
Nxf5 exf5 19. Qf3 Rab8 20. Nd5 Qg4 21. Ne7+ Kh8 22. Nxf5 Qxf3 23. gxf3 g6 24.
Ne7 f5 25. Kd1 b5 26. Kc1 Rb6 27. h4 b4 28. Nd5 Rxd6 29. Nxb4 Rxd2 30. Kxd2 Bb7
31. Rh3 Re8 32. f4 Kg7 33. h5 a5 34. Nd3 d6 35. b4 axb4 36. axb4 Ba6 37. c3 Kf6
38. hxg6 hxg6 39. Re3 Rh8 40. Rg3 Rh2 41. Ke3 Bxd3 42. Kxd3 Rxf2 43. Rg1 Rxf4
44. c4 d5 45. c5 Rxb4 46. Rc1 Rb8 47. Kd4 Ke6 48. Re1+ Kf6 49. c6 Rd8 50. c7
Rc8 51. Rc1 Ke6 52. Rc5 f4 0-1

[Event "Tournoi d'Hiver de Plaisance du Touch"]
[Site "?"]
[Date "2024.01.06"]
[Round "1.13"]
[White "Aurejac, Pierre"]
[Black "Varniol, Valentin"]
[Result "1-0"]
[WhiteElo "1420"]
[BlackElo "1109"]
[PlyCount "59"]
[SourceVersionDate "2024.01.12"]

1. d4 d5 2. c4 dxc4 3. e3 b5 4. a4 c6 5. axb5 cxb5 6. Qf3 Bb7 7. Qxb7 Nd7 8.
Qxb5 Rb8 9. Qxc4 Rc8 10. Qa4 Rxc1+ 11. Ke2 Rc7 12. Nc3 e6 13. Nf3 Be7 14. Kd2
Ngf6 15. Bd3 O-O 16. h3 Qb8 17. Rab1 Nb6 18. Qa2 Bb4 19. Rhc1 a5 20. Ng5 Rfc8
21. Nge4 Nfd5 22. Ke2 f6 23. Qa1 f5 24. Nxd5 Nxd5 25. Rxc7 Rxc7 26. Nc5 e5 27.
Bc4 Qa8 28. Qa2 Kf8 29. Bxd5 Bxc5 30. Bxa8 1-0

[Event "Tournoi d'Hiver de Plaisance du Touch"]
[Site "?"]
[Date "2024.01.06"]
[Round "1.14"]
[White "Gaben Brulard, Hugo"]
[Black "Gherardi, Luca"]
[Result "0-1"]
[WhiteElo "1099"]
[BlackElo "1418"]
[PlyCount "72"]
[SourceVersionDate "2024.01.12"]

1. d4 Nf6 2. Bf4 g6 3. Nf3 d5 4. Nc3 a6 5. g3 Bg7 6. Qd2 O-O 7. Bh6 c5 8. Bxg7
Kxg7 9. e3 cxd4 10. Nxd4 e5 11. Nb3 Nc6 12. Bg2 d4 13. Bxc6 dxc3 14. Qxd8 Rxd8
15. Bg2 cxb2 16. Rb1 Rb8 17. Rxb2 Be6 18. O-O Bd5 19. Nc5 Bxg2 20. Kxg2 Rd2 21.
Rc1 Ng4 22. Nd3 Nxe3+ 23. Kf3 Nf5 24. Nxe5 Re8 25. Re1 Nd4+ 26. Ke3 Rxe5+ 27.
Kxd2 Nf3+ 28. Kd3 Nxe1+ 29. Kc3 Nf3 30. h4 Re2 31. Kd3 Re7 32. c4 Ne5+ 33. Kd4
Nc6+ 34. Kd5 Kf6 35. Rc2 Nb4+ 36. Kd6 Nxc2 0-1

[Event "Tournoi d'Hiver de Plaisance du Touch"]
[Site "?"]
[Date "2024.01.06"]
[Round "1.15"]
[White "Anthoine-Milhomme, Jean-Pierre"]
[Black "Pierre, Thomas"]
[Result "1-0"]
[WhiteElo "1408"]
[BlackElo "1099"]
[PlyCount "67"]
[SourceVersionDate "2024.01.12"]

1. e4 e5 2. Nf3 Nc6 3. d4 d5 4. dxe5 dxe4 5. Qxd8+ Nxd8 6. Nd4 Nc6 7. Nxc6 bxc6
8. Nc3 f6 9. Nxe4 fxe5 10. Bd3 Bf5 11. O-O Rd8 12. Bg5 Be7 13. Bxe7 Nxe7 14.
Rfe1 Rd4 15. Rad1 O-O 16. c3 Rd5 17. Bc4 Rfd8 18. Bxd5+ cxd5 19. Ng3 c6 20.
Rxe5 Bc2 21. Rd2 Ng6 22. Re1 Ba4 23. Nf5 c5 24. Ne7+ Kf8 25. Nxg6+ hxg6 26. Re5
Bc6 27. Re6 Re8 28. Rde2 Bd7 29. R6e5 Bb5 30. Re1 g5 31. Rf5+ Kg8 32. Rxe8+
Bxe8 33. Rxd5 Bf7 34. Rxc5 1-0

[Event "Tournoi d'Hiver de Plaisance du Touch"]
[Site "?"]
[Date "2024.01.06"]
[Round "1.16"]
[White "Varniol, Pascal"]
[Black "Charruyer, Baptiste"]
[Result "0-1"]
[WhiteElo "1090"]
[BlackElo "1376"]
[PlyCount "70"]
[SourceVersionDate "2024.01.12"]

1. e4 e6 2. d4 d5 3. exd5 exd5 4. Bd3 Nf6 5. Ne2 Be7 6. O-O O-O 7. c3 Bg4 8. f3
Bh5 9. Bf4 c6 10. Nd2 Bd6 11. Qc2 Qc7 12. Bxd6 Qxd6 13. Ng3 Bg6 14. Nf5 Qf4 15.
Rfe1 Nbd7 16. g3 Qg5 17. f4 Qg4 18. Qd1 Bxf5 19. Qxg4 Bxg4 20. Re7 Rae8 21.
Rae1 Be6 22. Rxe8 Nxe8 23. Nf3 Bg4 24. Ne5 Nef6 25. Nxg4 Nxg4 26. Re7 Ngf6 27.
Bf5 Rd8 28. g4 Kf8 29. Re1 g6 30. Bd3 Nxg4 31. h3 Nh6 32. Kf2 Re8 33. Rg1 f5
34. h4 Ng4+ 35. Kf3 Re3+ 0-1

[Event "Tournoi d'Hiver de Plaisance du Touch"]
[Site "?"]
[Date "2024.01.06"]
[Round "1.17"]
[White "Andhin, Chethanah"]
[Black "Pages, Philippe"]
[Result "1-0"]
[WhiteElo "1370"]
[BlackElo "1073"]
[PlyCount "63"]
[SourceVersionDate "2024.01.12"]

{[%evp 0,16,26,35,29,-20,40,45,45,16,30,27,53,55,48,-14,-1,-5,-5]} 1. d4 Nf6 2.
c4 c6 3. Nc3 d5 4. cxd5 cxd5 5. Bf4 Bd7 6. Nf3 e6 7. Ne5 Bb4 8. e3 Ne4 9. Qb3
Qb6 10. Rc1 a5 11. Bd3 a4 12. Qc2 O-O 13. O-O Bxc3 14. bxc3 f5 15. Rb1 Qc7 16.
Bxe4 fxe4 17. Ng6 Qd8 18. Nxf8 Qxf8 19. Rxb7 Bc6 20. Rb6 Qe8 21. Rfb1 Na6 22.
Rxa6 Kf7 23. Rxa8 Qxa8 24. c4 a3 25. cxd5 Bxd5 26. Qc7+ Kg6 27. Rb8 Qa4 28. h3
Qc6 29. Qe5 Bxa2 30. Rg8 Qd7 31. Qg5+ Kf7 32. Qxg7# 1-0

[Event "Tournoi d'Hiver de Plaisance du Touch"]
[Site "?"]
[Date "2024.01.06"]
[Round "1.18"]
[White "Pierre, Olivier"]
[Black "Morales, Maxime"]
[Result "0-1"]
[WhiteElo "1039"]
[BlackElo "1286"]
[PlyCount "64"]
[SourceVersionDate "2024.01.17"]

{[%evp 0,18,19,31,14,23,29,35,44,37,32,32,64,9,23,1,4,-6,-7,-15,8]} 1. d4 Nf6
2. Bf4 e6 3. e3 c5 4. c3 Nc6 5. Nf3 h6 6. Bd3 Nh5 7. Bg3 Nxg3 8. hxg3 d5 9. b3
b6 10. c4 cxd4 11. exd4 Bb4+ 12. Nbd2 dxc4 13. bxc4 Nxd4 14. Nxd4 Qxd4 15. Rb1
Bc3 16. Rb3 Qxd3 17. Qe2 Bxd2+ 18. Qxd2 Qxd2+ 19. Kxd2 Bb7 20. f3 Rd8+ 21. Ke3
O-O 22. c5 Bd5 23. Rd3 Bxa2 24. Rxd8 Rxd8 25. Ra1 Bd5 26. Rxa7 bxc5 27. Rc7 c4
28. Kd4 g5 29. f4 Kg7 30. Ke5 Kg6 31. g4 f6+ 32. Kd4 gxf4 0-1

[Event "Tournoi d'Hiver de Plaisance du Touch"]
[Site "?"]
[Date "2024.01.06"]
[Round "1.19"]
[White "Uribe, Tunweya"]
[Black "Labarbe, Gabriel"]
[Result "0-1"]
[WhiteElo "1260"]
[BlackElo "1009"]
[PlyCount "56"]
[SourceVersionDate "2024.01.17"]

{[%evp 0,18,19,31,43,50,65,44,98,61,71,38,83,79,109,65,65,42,36,38,40]} 1. d4
e6 2. e4 Nf6 3. Nc3 Bb4 4. e5 Ne4 5. Bd2 Nxc3 6. bxc3 Ba3 7. Nf3 O-O 8. Bg5 Be7
9. Bxe7 Qxe7 10. Bd3 d5 11. O-O b6 12. c4 dxc4 13. Bxc4 Ba6 14. Bxa6 Nxa6 15.
c4 Rad8 16. Qa4 Nb4 17. Rfd1 c5 18. a3 b5 19. Qxb5 Nc2 20. Ra2 Nxd4 21. Nd2
Ne2+ 22. Kh1 Nc3 23. Qb3 Nxd1 24. Qxd1 Qg5 25. Qc2 Rb8 26. Qc3 Rfd8 27. g3 Rb7
28. f4 Qh5 0-1

[Event "Tournoi d'Hiver de Plaisance du Touch"]
[Site "?"]
[Date "2024.01.06"]
[Round "1.20"]
[White "Uribe, Naunka"]
[Black "Crozes, Pierre"]
[Result "0-1"]
[WhiteElo "1009"]
[BlackElo "1246"]
[PlyCount "60"]
[SourceVersionDate "2024.01.17"]

1. Nf3 Nf6 2. d4 c5 3. e3 Nc6 4. c3 d5 5. c4 Bf5 6. b3 cxd4 7. exd4 e6 8. Bb2
Bd6 9. Be2 O-O 10. O-O Rc8 11. Qe1 Ne7 12. Bc3 Ne4 13. Qc1 Ng6 14. Kh1 a6 15.
Ba5 Qxa5 16. Bd3 Nxf2+ 17. Rxf2 Bxd3 18. Nbd2 b5 19. Qd1 bxc4 20. bxc4 dxc4 21.
Rc1 Rfd8 22. h3 Rd7 23. a4 Rb7 24. Ne1 Rbc7 25. Nxd3 cxd3 26. Rxc7 Rxc7 27. Nb3
Qc3 28. Nc1 Qxc1 29. Qxc1 Rxc1+ 30. Rf1 Rxf1# 0-1

[Event "Tournoi d'Hiver de Plaisance du Touch"]
[Site "?"]
[Date "2024.01.06"]
[Round "1.21"]
[White "Lorin, Ethan"]
[Black "Vardanyan, Gayane"]
[Result "1-0"]
[WhiteElo "1218"]
[BlackElo "1009"]
[PlyCount "93"]
[SourceVersionDate "2024.01.17"]

{[%evp 0,17,26,-16,-12,-9,-26,-33,7,-13,27,34,38,20,20,30,23,16,129,89]} 1. c4
e5 2. Nc3 Nf6 3. g3 Be7 4. Bg2 c6 5. d4 d6 6. dxe5 dxe5 7. Qxd8+ Bxd8 8. Nf3 e4
9. Ng5 Bf5 10. Ngxe4 Bxe4 11. Nxe4 Ba5+ 12. Bd2 Bxd2+ 13. Kxd2 Nxe4+ 14. Bxe4
O-O 15. e3 Re8 16. Bf3 Na6 17. Rhd1 Rac8 18. Ke2 b5 19. cxb5 cxb5 20. Bb7 Rc2+
21. Rd2 Rxd2+ 22. Kxd2 Nc5 23. Ke2 Nxb7 24. Rc1 h6 25. Rc7 Nd6 26. Rxa7 Nc4 27.
b3 Nb2 28. Rd7 Ra8 29. Rd2 Rxa2 30. b4 Kh7 31. Kf3 h5 32. Ke4 Kh6 33. h4 g6 34.
Kd4 Kg7 35. Kd5 Kh7 36. Kc6 Ra6+ 37. Kxb5 Ra2 38. Kc6 Ra6+ 39. Kb7 Ra2 40. b5
Kg7 41. b6 f6 42. Kc7 g5 43. b7 Ra7 44. Rxb2 gxh4 45. gxh4 Kg6 46. Kc8 Ra4 47.
b8=Q 1-0

[Event "Tournoi d'Hiver de Plaisance du Touch"]
[Site "?"]
[Date "2024.01.06"]
[Round "2.1"]
[White "Estadieu, Bruno"]
[Black "Pieri, Theo"]
[Result "0-1"]
[WhiteElo "1430"]
[BlackElo "1723"]
[PlyCount "94"]
[SourceVersionDate "2024.01.17"]

1. b4 e5 2. Bb2 Nf6 3. b5 d6 4. a4 a6 5. Nc3 Bf5 6. e3 Be7 7. g3 O-O 8. Bg2 c6
9. Nge2 axb5 10. axb5 Rxa1 11. Bxa1 d5 12. bxc6 bxc6 13. O-O Nbd7 14. d3 Nc5
15. d4 exd4 16. Nxd4 Bd7 17. Qb1 Qc7 18. Qa2 Rb8 19. Rb1 Rxb1+ 20. Nxb1 h5 21.
Nf3 Nfe4 22. Bd4 Ne6 23. Be5 Qb7 24. Qb2 Qxb2 25. Bxb2 f6 26. Nbd2 N6c5 27. Ba3
Kf7 28. Nxe4 Nxe4 29. Bxe7 Kxe7 30. Nd4 Nd2 31. Nf3 Nc4 32. Kf1 Kd6 33. Ke1 Bf5
34. c3 Be4 35. Ke2 Kc5 36. Bh3 Bxf3+ 37. Kxf3 Nd2+ 38. Kf4 g6 39. Bd7 Ne4 40.
h4 g5+ 41. hxg5 fxg5+ 42. Kf3 Nxc3 43. Be8 h4 44. gxh4 gxh4 45. Kg4 Ne4 46. Kf3
Kd6 47. Bg6 Ke5 0-1

[Event "Tournoi d'Hiver de Plaisance du Touch"]
[Site "?"]
[Date "2024.01.06"]
[Round "3.1"]
[White "Pieri, Theo"]
[Black "Le Bars, Lucien"]
[Result "1-0"]
[WhiteElo "1723"]
[BlackElo "1513"]
[PlyCount "43"]
[SourceVersionDate "2024.01.17"]

1. e4 d5 2. exd5 Qxd5 3. Nc3 Qa5 4. d4 Nf6 5. Bd2 Bg4 6. Nf3 Nbd7 7. Bd3 c6 8.
h3 Bh5 9. Ne2 Qb6 10. g4 Bg6 11. Ne5 Nxe5 12. dxe5 Bxd3 13. cxd3 Nd5 14. Qc2 e6
15. a3 Bc5 16. O-O h5 17. g5 Bd4 18. Nxd4 Qxd4 19. Rae1 Qh4 20. Kg2 Rd8 21. Re4
Qxe4+ 22. dxe4 1-0

[Event "Tournoi d'Hiver de Plaisance du Touch"]
[Site "?"]
[Date "2024.01.07"]
[Round "4.1"]
[White "Despaux, Axel"]
[Black "Pieri, Theo"]
[Result "0-1"]
[WhiteElo "1442"]
[BlackElo "1723"]
[PlyCount "46"]
[SourceVersionDate "2024.01.17"]

1. e4 e5 2. Nf3 Nc6 3. Bc4 Nf6 4. Ng5 d5 5. exd5 Na5 6. Bb5+ c6 7. dxc6 bxc6 8.
Qf3 Be7 9. O-O Bb7 10. Ba4 O-O 11. Nc3 Nd5 12. Nge4 f5 13. Ng3 Nf4 14. Qd1 c5
15. f3 e4 16. d3 Qd4+ 17. Kh1 exf3 18. gxf3 Ng6 19. Qe1 Ne5 20. Qe2 a6 21. Be3
Qg4 22. Kg2 f4 23. h3 Qxg3+ 0-1

[Event "Tournoi d'Hiver de Plaisance du Touch"]
[Site "?"]
[Date "2024.01.07"]
[Round "5.1"]
[White "Pieri, Theo"]
[Black "Madelaine, Pierre"]
[Result "1/2-1/2"]
[WhiteElo "1723"]
[BlackElo "1470"]
[PlyCount "93"]
[SourceVersionDate "2024.01.17"]

1. e4 c5 2. Nf3 e6 3. d4 cxd4 4. Nxd4 Nc6 5. Nb5 d6 6. c4 Nf6 7. N1c3 a6 8. Na3
Be7 9. Be3 b6 10. Be2 O-O 11. O-O Qc7 12. Nc2 Bb7 13. f3 Rad8 14. Na4 Nd7 15.
Rc1 Nc5 16. Nd4 Bf6 17. Nxc6 Qxc6 18. Nc3 Rfe8 19. b4 Nd7 20. b5 Qc7 21. Qe1 a5
22. Qg3 Nc5 23. Rfd1 Rd7 24. Bd4 Bxd4+ 25. Rxd4 e5 26. Rdd1 Qd8 27. Nd5 Bxd5
28. Rxd5 Qf6 29. Rf1 Ne6 30. Bd1 Qf4 31. Qf2 Nc5 32. Bc2 Red8 33. g3 Qh6 34.
Rfd1 Kf8 35. Bd3 Kg8 36. Bf1 Kf8 37. Bg2 g5 38. Qe3 Qf6 39. Bh3 Rc7 40. Bf1 Ke7
41. Be2 h6 42. Rf1 Rg8 43. Qd2 Rd7 44. Qe3 Rgd8 45. Rfd1 h5 46. Bf1 h4 47. g4
1/2-1/2

[Event "Tournoi d'Hiver de Plaisance du Touch"]
[Site "?"]
[Date "2024.01.07"]
[Round "6.1"]
[White "Madelaine, Pierre"]
[Black "Anthoine-Milhomme, Jean-Pierre"]
[Result "1-0"]
[WhiteElo "1470"]
[BlackElo "1408"]
[PlyCount "105"]
[SourceVersionDate "2024.01.21"]

1. e4 e5 2. Nf3 Nc6 3. Bb5 Nf6 4. O-O Nxe4 5. Re1 Nd6 6. Nxe5 Nxe5 7. Nc3 Be7
8. Rxe5 Nxb5 9. Nxb5 d6 10. Re1 O-O 11. d4 c6 12. Nc3 d5 13. Bf4 Bd6 14. Qf3
Be6 15. Re3 Bxf4 16. Qxf4 Qd7 17. Na4 b6 18. b3 Rfe8 19. Rae1 Re7 20. Nb2 Rae8
21. Nd3 f6 22. h3 Kf8 23. g4 Kg8 24. c3 Bf7 25. Kg2 Rxe3 26. Rxe3 Rxe3 27. Qxe3
Qe6 28. Kf3 Kf8 29. Qxe6 Bxe6 30. b4 Kf7 31. a4 h5 32. Kg3 hxg4 33. hxg4 g5 34.
a5 f5 35. Ne5+ Ke8 36. gxf5 Bxf5 37. Nxc6 bxa5 38. bxa5 Kd7 39. Nxa7 Kc7 40.
Nb5+ Kb8 41. a6 Bd7 42. a7+ Kb7 43. a8=Q+ Kxa8 44. Nc7+ Kb7 45. Nxd5 Kc6 46.
Ne3 Kb5 47. f4 gxf4+ 48. Kxf4 Ka4 49. c4 Kb4 50. Ke5 Kc3 51. c5 Kd3 52. Nd5 Bb5
53. Nb6 1-0

[Event "Tournoi d'Hiver de Plaisance du Touch"]
[Site "?"]
[Date "2024.01.07"]
[Round "6.2"]
[White "Alexandre, Jacques Junior"]
[Black "Pieri, Theo"]
[Result "0-1"]
[WhiteElo "1544"]
[BlackElo "1723"]
[PlyCount "86"]
[SourceVersionDate "2024.01.21"]

1. Nf3 d5 2. e3 Nf6 3. b3 c5 4. d4 Nc6 5. Bb2 a6 6. Be2 Bf5 7. O-O e6 8. Nbd2
Bd6 9. dxc5 Bxc5 10. c4 O-O 11. cxd5 exd5 12. Rc1 Bb6 13. Ne5 Nxe5 14. Bxe5 d4
15. Nc4 dxe3 16. fxe3 Be6 17. Nxb6 Qxb6 18. Bd4 Qa5 19. Rxf6 gxf6 20. Rc5 Qd8
21. Qf1 f5 22. Qf4 f6 23. Bd3 Rc8 24. Bxf5 Bxf5 25. Qxf5 Rxc5 26. Qxc5 Rf7 27.
Qf5 Qe7 28. Qg4+ Kh8 29. Qc8+ Qf8 30. Qf5 Qg7 31. h3 Qg6 32. Qf2 Kg7 33. Kh2 h6
34. Qf4 Qg5 35. Qe4 h5 36. Bc3 Qc5 37. Bd4 Qc7+ 38. Kg1 Qg3 39. Bc3 Rd7 40. Bd4
Rc7 41. Qb1 Qg6 42. Qb2 Rc2 43. Bxf6+ Kh7 0-1

[Event "Tournoi d'Hiver de Plaisance du Touch"]
[Site "?"]
[Date "2024.01.07"]
[Round "6.3"]
[White "Bertrand, Marin"]
[Black "Guerin, Laurent"]
[Result "1-0"]
[WhiteElo "1658"]
[BlackElo "1520"]
[PlyCount "65"]
[SourceVersionDate "2024.01.21"]

1. d4 Nf6 2. c4 e6 3. Nf3 b6 4. g3 Bb7 5. Bg2 c5 6. O-O Be7 7. b3 O-O 8. Bb2 d5
9. Nbd2 Nc6 10. Re1 Rb8 11. cxd5 Nxd5 12. e4 Nf6 13. Nc4 cxd4 14. Nxd4 Bc5 15.
Nxc6 Bxc6 16. Qe2 b5 17. Rad1 Qe7 18. Ne5 Ba8 19. Ng4 Nxg4 20. Qxg4 f5 21. exf5
Bxg2 22. Kxg2 Qb7+ 23. f3 Rxf5 24. Rxe6 Rff8 25. Rd3 h5 26. Qe4 Qxe4 27. Rxe4
Bb6 28. Rd7 Rf7 29. Rxf7 Kxf7 30. Bd4 Ba5 31. f4 Rb7 32. Kf3 a6 33. Re5 1-0